MDQL
is popping MORE tags! Check the
thread
!
Quizzes
Events
Quiz Creation
Community
Videos
Private Events
Remove Ads
Sign In
Join for FREE
Feedback
Dark Mode
Quiz Categories
Sports
Geography
Music
Movies
Television
Just For Fun
Miscellaneous
History
Literature
Language
Science
Gaming
Entertainment
Religion
Holiday
For Kids
Quiz Lab
Recent
Popular Today
Quiz Kudos Today
Editor Picks
Curator Picks
Quizzes by...
Day
Popularity
Type
Ratings
Length
Year
Community
Subscriptions
Recent Discussions
Orange Saloon
Badges
Playlists
Quests
Create
Leaderboards
Showdown
Live 5
Trivia Bingo
Activity
Puzzle Library
Sporcle Events
Private Events
Virtual Trivia
Globe League
Become a Host
Pub Owners
SporcleCon
Opinionation
Our Games
Videos
Blog
Mobile Apps
Partnerships
Remove Ads and Go Orange
Feedback
Miscellaneous
Crossword
General Knowledge
Baby Names
Logo
Food
Cars
Numbers
Grab Bag
University
College
Popular
Company
Slogans
Restaurants
Justice
Letter
Miscellaneous
Crossword
General Knowledge
Baby Names
Logo
Food
Cars
Numbers
Grab Bag
University
College
Popular
Company
Slogans
Restaurants
Justice
Letter
Random Quiz
Search Sporcle
×
Quiz Lab
Quiz Lab
Miscellaneous
Numbers
Type in answers that appear in a list
Type in answers that appear in a list
Classic
Best Score? Go Orange.
Baby Names Louisiana 2009 Girls Stats
Can you name the Baby Names Louisiana 2009 Girls?
By
jenjencooper
13m
100 Questions
290 Plays
290 Plays
290 Plays
Comments
Comments
Give Quiz Kudos
Give Quiz Kudos
-
- Ratings
hide this ad
Replay
Link that replays current quiz
Next Quiz
Link to next quiz in quiz playlist
You Got
0%
They Got
Avg Score
59%
Avg Friend Score
Upgrade to see
Score Distribution
Jump to the score distribution portion of the page
Score
0/100
Timer
13:00
0
Plays Today
Rank
Names
% Correct
9
Emily
90.3%
2
Emma
88.6%
12
Elizabeth
87.9%
15
Sarah
86.9%
29
Hannah
84.5%
1
Ava
83.1%
5
Olivia
82.8%
18
Anna
82.4%
3
Isabella
82.1%
35
Grace
81.7%
95
Katherine
80.3%
4
Madison
80%
6
Chloe
80%
65
Victoria
77.6%
10
Sophia
77.2%
13
Ella
76.9%
61
Lauren
76.2%
21
Lily
75.9%
8
Abigail
74.8%
68
Mary
74.8%
40
Natalie
74.1%
100
Kayla
74.1%
82
Julia
73.8%
53
Zoe
73.4%
37
Sophie
73.1%
74
Samantha
72.4%
25
Lillian
71.4%
31
Brianna
71.4%
41
Leah
71%
85
Kate
70.7%
33
Mia
70%
19
Alexis
69.3%
46
Madeline
68.3%
86
Allison
68.3%
Rank
Names
% Correct
14
Taylor
67.2%
16
Kaylee
66.9%
26
Hailey
66.6%
98
Catherine
66.6%
64
Gabriella
66.2%
7
Addison
65.9%
78
Faith
65.9%
23
Gabrielle
65.5%
38
Amelia
65.2%
32
Caroline
64.8%
43
Claire
64.8%
45
Kylie
64.8%
42
Audrey
64.5%
70
Angel
63.8%
63
Zoey
63.1%
77
Brooke
63.1%
49
Destiny
62.8%
11
Alyssa
62.4%
54
Savannah
62.1%
17
Aubrey
61.7%
22
Riley
61.7%
28
Brooklyn
61.7%
30
Avery
60.7%
67
Jasmine
60.7%
47
Morgan
59.3%
94
Lilly
59.3%
88
Mackenzie
59%
91
Molly
59%
84
Jade
58.3%
57
Gracie
57.9%
44
Peyton
57.2%
55
Kaitlyn
57.2%
52
Madelyn
56.9%
27
Bailey
56.6%
Rank
Names
% Correct
66
Bella
56.2%
34
Makayla
55.5%
20
Layla
54.5%
73
Payton
54.1%
87
Katelyn
53.1%
24
Nevaeh
51.7%
48
Trinity
50.7%
36
Aaliyah
49.7%
59
Jada
49.7%
39
Khloe
47.9%
56
Sydney
47.2%
80
Sadie
46.6%
81
Mckenzie
45.2%
60
Mya
44.8%
79
Mariah
42.4%
62
Serenity
41%
76
Kennedy
39.3%
51
Rylee
38.6%
90
Makenzie
37.9%
99
Jordyn
36.2%
58
Jayla
30.7%
71
Laila
30.3%
97
Shelby
28.6%
50
London
28.3%
96
Breanna
28.3%
92
Skylar
25.9%
69
Allie
25.2%
72
Camille
24.5%
75
Marley
18.3%
93
Kamryn
13.4%
89
Londyn
12.4%
83
Amari
10.3%
Quiz Playlist
Details
Report
Send in Message
Add To Playlist
Classic:
Type in answers that appear in a list
Last Updated: Feb 16, 2017
Quiz Scoreboard
CHALLENGE
Sign Up to Join the Scoreboard
Show All
Scores
Hide
Comments
May contain spoilers
Recently Published
Holiday 10x10 Sorting Gallery
by lukepisani3
Holiday
15m
Two Season TV Shows II
by 123Four
Television
10m
Image Sorting: Flags VI
by Barbecue
Geography
2m
More to Explore
Quiz From the Vault
Featured Blog Post
14 Easter Pick-up Lines to Find Eggs With
hide this ad
You Might Also Like...
Tags
Baby Names Quiz
Numbers Quiz
2009
Baby
girl
Louisiana
Today's Top Quizzes in Miscellaneous
Browse Miscellaneous
hide this ad
Today's Top Quizzes in Numbers
Browse Numbers
Top Contributed Quizzes in Miscellaneous
1
The JOE quick-fire general knowledge quiz: Day 174
2
9x9 Crossword: Disney Movie Titles
3
The JOE quick-fire general knowledge quiz: Day 173
4
5-to-1: Fast Food
5
9x9 Crossword: Charlie and the Chocolate Factory
6
9x9 Crossword: The Simpsons
7
9x9 Crossword: Flags
8
9x9 Crossword: Actors
9
9x9 Crossword: 2022 Movies
10
9x9 Crossword: Pixar Movie Titles
Explore More
Trending Topics
Crossword
NBA
Marvel
Harry Potter
Anime
Kpop
Disney
Puzzle
Pokémon
Soccer
Song
The Office
WWE
NFL
Country
hide this ad
More By:
jenjencooper
Quiz
Plays
Rating
Category
Featured
Created
Top 300 baby names u.k 2012
1,286
3.25
Just For Fun
Mar 12, 2014
Top UK baby names 2000
841
3.50
Just For Fun
Jan 26, 2011
Top 300 Baby Girls Names 2012 USA
702
4.00
Miscellaneous
Feb 20, 2013
Gymnasts to watch in 2012
672
2.75
Sports
Nov 12, 2011
Gymnastic Teams to London 2012
660
1.50
Sports
Mar 10, 2012
Go to Creator's Profile
Score Distribution
Quiz Creator Spotlight
jenjencooper
Follow
Send a Message
Quizzes Created
-
Created Quiz Play Count
-
More By This Creator
Popular Quizzes Today
1
Find the US States - No Outlines Minefield
2
Colored Red Africa Blitz
3
Find the 'City' Movie
4
The Countries of the World
5
Find the US States
6
5x2 Blitz: Bands
7
Find the Countries of Europe - No Outlines Minefield
8
US States
More Miscellaneous Quizzes
A 'Round' Crossword
Curator's Pick
Trending Quizzes
Colored Red Europe Blitz I
Colored Red Europe Blitz II
Colored Red Africa Blitz II
Colored Red Europe Blitz III
Colored Red Africa Blitz III
Recently Updated
Odd Team Out - Big 4 Players
pecheneg
Quick Pick: 20 Twenties
pecheneg
March Madness Men's Triple Doubles
pecheneg
How Do You Spell That?
pecheneg
Godzilla Movies
pecheneg
Grab Bag: 4-10 Letters
pecheneg
2024 March Madness Bracket
pecheneg
Famous TV Couples
Peacemaker
Champions League XIs: Real Madrid
pecheneg
Largest US Cities 1790-2010
pecheneg
Trending Topics
NBA
Harry Potter
Disney
Anime
Crossword
Marvel
Kpop
Country
WWE
Pokémon
NFL
Song
Soccer
The Office
Puzzle
Your Account Isn't Verified!
In order to create a playlist on Sporcle, you need to verify the email address you used during registration. Go to your
Sporcle Settings
to finish the process.
Report this User
Report this user for behavior that violates our
Community Guidelines
.
Details:
Send Report
Go to the Sporcle.com Mobile Site →
Comments